000 00278nam a22001217a 4500
999 _c4356
_d4356
008 250207b ||||| |||| 00| 0 eng d
020 _a9781406280722
082 _a591
100 _aSMITH,SIAN
_eAUTHOR
245 _aJUNGLE ANIMALS
260 _bRAINTREE PUBLISHERS
942 _2ddc